00389nam a2200157Ia 4500003000400000005001700004008004100021050002300062100001900085245004200104260003500146300002900181440000600210521000700216526000800223OSt20140311163112.0140130s9999 xx 000 0 und d aPZ 7b.B146ss 2001 aBaglio, Ben M. aShetland in the shed/cBaglio, Ben M. bScholastic,c2001.aNew York : a130 p. :bill. ;c18 cm. v1 aG3 c510